| 000 | 01553cam a2200229 4500 | ||
|---|---|---|---|
| 001 | 4390 | ||
| 005 | 20181127173316.0 | ||
| 008 | 120217s2013 enk b 001 0 eng | ||
| 010 | _a 2012006687 | ||
| 020 | _a9780199899616 (alk. paper) | ||
| 042 | _apcc | ||
| 100 | 1 | _aClark, Lynn Schofield. | |
| 245 | 1 | 4 |
_aThe parent app : _bunderstanding families in the digital age / _cLynn Schofield Clark. |
| 260 |
_aOxford ; _aNew York : _bOxford University Press, _cc2013. |
||
| 300 |
_axx, 299 p. ; _c25 cm. |
||
| 504 | _aIncludes bibliographical references (p. 275-291) and index. | ||
| 505 | 0 | _aRisk, digital media, and parenting in a digital age -- Cyberbullying girls, helicopter moms, and internet predators -- Strict parents, gamer high school dropouts, and shunned overachievers -- Identity 2.0 : young people and digital and mobile media -- Less advantaged teens, ethnicity, and digital and mobile media : respect, restriction, and reversal -- Communication in families : expressive empowerment and respectful connectedness -- How parents are mediating the media in middle class and in less advantaged homes -- Media rich and time poor : the emotion work of parenting in the digital age -- Parenting in a digital age : the mediatization of family life and the need to act. | |
| 650 | 0 |
_aInternet _xSocial aspects. |
|
| 650 | 0 | _aInternet and families. | |
| 650 | 0 | _aParent and child. | |
| 856 |
_a _uhttp://books.google.bt/books?vid=ISBN9780199899616&printsec=frontcover&redir_esc=y#v=onepage&q&f=true _yLink to Google Books Copy(Incomplete version). _z _3 |
||
| 999 |
_c3631 _d3631 |
||